Biblioteca

Una vida perfecta : (Registro nro. 71251)

Detalles MARC
000 -LÍDER
Campo fijo de descripción fija 01749aam a2200385 i 4500
001 - NÚMERO DE CONTROL
Campo de control 768714001
003 - IDENTIFICADOR DEL NÚMERO DE CONTROL
Campo de control CO-MdFUSB
005 - FECHA Y HORA DE LA ULTIMA TRANSACCIÓN
control field 20260316150845.0
007 - CAMPO FIJO DE DESCRIPCIÓN FIJA--INFORMACIÓN GENERAL
Campo fijo de descripción fija ta
008 - ELEMENTOS DE LONGITUD FIJA -- INFORMACIÓN GENERAL
Campo fijo de descripción fija -- Información general 241129t2014 -us||||| |||| 001 0 spa d
020 ## - NÚMERO INTERNACIONAL NORMALIZADO PARA LIBROS
Número Internacional Normalizado del libro 978-1-60255-045-2
040 ## - FUENTE DE CATALOGACIÓN
Idioma de catalogación spa
Agencia que realiza la transcripción CO-MdFUSB
Agencia que realiza la modificación CO-MdFUSB
041 ## - CÓDIGO DE IDIOMA
Código de idioma para texto/pista de sonido o título separado spa
Código de idioma original eng
082 04 - NÚMERO DE CLASIFICACIÓN DECIMAL DEWEY
Número de la edición del Dewey 23
Número de clasificación 232.9
Clave de autor-Numero de item M116
100 1# - ASIENTO PRINCIPAL--NOMBRE PERSONAL
Nombre personal MacArthur, John,
Fechas asociadas con el nombre 1939-
Término relacionador autor
240 ## - TITULO UNIFORME
Título uniforme <a href="One perfect life: the complete story of the Lord Jesus.">One perfect life: the complete story of the Lord Jesus.</a>
245 14 - TÍTULO
Título del Material Una vida perfecta :
Parte restante del título - Subtitulo la historia completa del Señor Jesús
Mención de responsabilidad, etc. / John Macarthur
264 #1 - PRODUCCIÓN, PUBLICACIÓN, DISTRIBUCIÓN, MANUFACTURA, Y COPYRIGHT
Nombre del productor, publicador, distribuidor Grupo Nelson,
Lugar de producción, publicación, distribución, manufactura Nashville, Tennessee :
Fecha de producción, publicación, distribución, manufactura, o copyright [2004]
264 #4 - PRODUCCIÓN, PUBLICACIÓN, DISTRIBUCIÓN, MANUFACTURA, Y COPYRIGHT
Fecha de producción, publicación, distribución, manufactura, o copyright ©2004
300 ## - DESCRIPCIÓN FÍSICA
Extensión 515 páginas
Dimensiones ; 24 cm
336 ## - TIPO DE CONTENIDO
Término de tipo de contenido texto
Código de tipo de contenido txt
Fuente rdacontent
337 ## - TIPO DE MEDIO
Fuente rdamedia
Nombre del tipo de medio sin mediación
Código del tipo de medio n
338 ## - TIPO DE SOPORTE
Fuente rdacarrier
Nombre del tipo de soporte volumen
Código Tipo de soporte nc
500 ## - NOTA GENERAL
Nota General Incluye índice
505 ## - NOTA DE CONTENIDO
Nota de contenido con formato preestablecido Anticipando al Señor Jesucristo. -- El principio del evangelio de Jesucristo. -- El principio del ministerio de Jesús.-- De la Pascua del año 27 A.D. a la Pascua del año 28 A.D. -- De la Pascua del año 28 A.D. a la Pascua del año 29 A.D. -- De la Pascua del año 29 A.D. a la Pascua del año 30 A.D -- El último viaje a Jerusalén para la Pascua del año 30 A.D. -- La semana de la pasión del Mesías en el año 30 A.D.-- El aposento alto la noche antes de su muerte. -- Crucifixión, resurrección y ascensión. -- Reflexiones del Nuevo Testamento sobre el evangelio de Jesucristo.
563 ## - NOTA DE ENCUADERNACIÓN
Nota de encuadernación Pasta dura
650 #0 - ASIENTO SECUNDARIO DE MATERIA - TERMINO TEMÁTICO
Término temático o nombre geográfico como elemento de entrada Vida cristiana
9 (RLIN) 19
650 #7 - ASIENTO SECUNDARIO DE MATERIA - TERMINO TEMÁTICO
Término temático o nombre geográfico como elemento de entrada Religión
9 (RLIN) 385
650 #7 - ASIENTO SECUNDARIO DE MATERIA - TERMINO TEMÁTICO
Término temático o nombre geográfico como elemento de entrada Cristología
9 (RLIN) 239
653 ## - TÉRMINO DE INDIZACIÓN - NO CONTROLADO
Término no controlado Jesucristo -- Biografía
653 ## - TÉRMINO DE INDIZACIÓN - NO CONTROLADO
Término no controlado Jesucristo -- Historicidad
653 ## - TÉRMINO DE INDIZACIÓN - NO CONTROLADO
Término no controlado Evangelios -- Armonía
942 ## - TIPO DE MATERIAL (KOHA)
Tipo de Item KOHA Libros General
945 ## - INFORMACIÓN LOCAL DEL REGISTRO
Catalogador Catherine Arias Alvarez
Existencias
Estado de Material Estado de Perdido Forma de Clasificación Volumen-Parte/Tomo Estado de Dañado No para Préstamo Colección Tomo Biblioteca de Origen Biblioteca Permanente Fecha de Adquisición Total de Préstamos Signatura Topográfica Código de Barras Última vez visto Ejemplar/Existencia Fecha de Remplazo Tipo de Material
    Dewey Decimal Classification       Colección General   Biblioteca FUSBC Biblioteca FUSBC 29/11/2024   G 232.9 M116u 25333 29/11/2024 Ej. 1 29/11/2024 Libros General

Biblioteca FUSBC | Teléfono: (57+4) 349 88 10 Ext. 141| WhatsApp (+57) 3005338115 
E-mail: biblioteca@unisbc.edu.co | Calle 76 87-14 Robledo Palenque, Medellín, Colombia

Con tecnología Koha